Accretion processes in astrophysics (Record no. 9676)

MARC details
000 -LEADER
fixed length control field 00949nam a2200217Ia 4500
003 - CONTROL NUMBER IDENTIFIER
control field IN-BaIIA
008 - FIXED-LENGTH DATA ELEMENTS--GENERAL INFORMATION
fixed length control field 211028s9999 xx 000 0 eng d
020 ## - INTERNATIONAL STANDARD BOOK NUMBER
International Standard Book Number 2-86332-043-2
040 ## - CATALOGING SOURCE
Transcribing agency IIA Library
080 ## - UNIVERSAL DECIMAL CLASSIFICATION NUMBER
Universal Decimal Classification number 524(082.2)
Item number AUD
100 ## - MAIN ENTRY--PERSONAL NAME
Personal name Audouze, J.
9 (RLIN) 11166
111 ## - MAIN ENTRY--MEETING NAME
Meeting name or jurisdiction name as entry element Recontre de Moriond Astrophysics Meeting on Accretion Processes in Astrophysics
Number of part/section/meeting 21st
Location of meeting Les Arcs-Savoie-France
Date of meeting or treaty signing 1986 Mar.9-16
9 (RLIN) 16327
245 #0 - TITLE STATEMENT
Title Accretion processes in astrophysics
Remainder of title twenty-first recontre de Moriond astrophysics meeting on accretion processes in astrophysics , held in Les Arcs-Savoie-France,March 9-16,1986
Statement of responsibility, etc. J. Audouze and J. Tran Thanh Van
260 ## - PUBLICATION, DISTRIBUTION, ETC.
Place of publication, distribution, etc. France
Name of publisher, distributor, etc. Editions Frontiers
Date of publication, distribution, etc. 1986
300 ## - PHYSICAL DESCRIPTION
Extent x,215p.
650 ## - SUBJECT ADDED ENTRY--TOPICAL TERM
Topical term or geographic name entry element Astronomy and Astrophysics Thesaurus
650 ## - SUBJECT ADDED ENTRY--TOPICAL TERM
Topical term or geographic name entry element Astrophysics
9 (RLIN) 794
650 ## - SUBJECT ADDED ENTRY--TOPICAL TERM
Topical term or geographic name entry element Theoretical Astrophysics
9 (RLIN) 15234
700 ## - ADDED ENTRY--PERSONAL NAME
Personal name Van, J. Tran Thanh
9 (RLIN) 16328
942 ## - ADDED ENTRY ELEMENTS (KOHA)
Koha item type Books
Holdings
Withdrawn status Lost status Damaged status Not for loan Home library Current library Shelving location Date acquired Total Checkouts Full call number Barcode Date last seen Date last checked out Price effective from Koha item type
        IIA Library-Bangalore IIA Library-Bangalore General Stacks   1 524(082.2)/ AUD 10586 23/04/2022 25/03/2022   Books

Powered by Koha